The twelfth card [sound recording] : a Lincoln Rhyme novel / Jeffery Deaver.
Record details
- ISBN: 0743544331
- Physical Description: 13 sound discs (15.5 hr.) : digital ; 4 3/4 in.
- Edition: Unabridged.
- Publisher: New York : Simon & Schuster Audio, p2003.
Content descriptions
| General Note: | Read by Dennis Boutsikaris. |
Search for related items by subject
| Subject: | Rhyme, Lincoln (Fictitious character). Police > New York (State) > New York > Fiction. Forensic scientists > Fiction. New York (N.Y.) > Fiction. Quadriplegics > Fiction. Audiobooks. |
| Genre: | Mystery fiction. |
| LDR | 01075cim a2200301 a 4500 | ||
|---|---|---|---|
| 001 | 127912 | ||
| 003 | CONS | ||
| 005 | 20140703073304.0 | ||
| 007 | sd fsngnnumnnd | ||
| 008 | 050601s2005 nyunnn f n eng d | ||
| 020 | . | ‡a0743544331 | |
| 035 | . | ‡a(CPomAG)LMN496585 | |
| 100 | 1 | . | ‡aDeaver, Jeffery. |
| 245 | 1 | 4. | ‡aThe twelfth card ‡h[sound recording] : ‡ba Lincoln Rhyme novel / ‡cJeffery Deaver. |
| 250 | . | ‡aUnabridged. | |
| 260 | . | ‡aNew York : ‡bSimon & Schuster Audio, ‡cp2003. | |
| 300 | . | ‡a13 sound discs (15.5 hr.) : ‡bdigital ; ‡c4 3/4 in. | |
| 500 | . | ‡aRead by Dennis Boutsikaris. | |
| 650 | 0. | ‡aRhyme, Lincoln (Fictitious character). | |
| 650 | 0. | ‡aPolice ‡zNew York (State) ‡zNew York ‡vFiction. | |
| 650 | 0. | ‡aForensic scientists ‡vFiction. | |
| 651 | 0. | ‡aNew York (N.Y.) ‡vFiction. | |
| 650 | 0. | ‡aQuadriplegics ‡vFiction. | |
| 650 | 0. | ‡aAudiobooks. | |
| 655 | 7. | ‡aMystery fiction. ‡2gsafd | |
| 700 | 1 | . | ‡aBoutsikaris, Dennis. |
| 959 | . | ‡i32269000731623 ‡lBK/CD Dea ‡aAdult - Audiobook ‡tAudiobook ‡g119.75 | |
| 852 | . | ‡p32269000731623 ‡jBK/CD Dea ‡gAdult - Audiobook ‡cAudiobook ‡y119.75 ‡bSBPL | |
| 901 | . | ‡a127912 ‡bUnknown ‡c127912 ‡tbiblio | |